000 00381nam a2200145Ia 4500
008 231217s9999 xx 000 0 und d
041 _aEnglish
082 _a001.6424C JAI.1
100 _aJain, Satish
245 0 _aComputer fundamentals and c++ programming V1
260 _c1997
_bBPB
_aNew Delhi
300 _axv+179
650 _aComputer,c++,programming,V1
942 _cAA
999 _c171817
_d171817